| 000 | 00814nam a2200241 a 4500 | ||
|---|---|---|---|
| 001 | 000010964 | ||
| 003 | DO-SdBNP | ||
| 005 | 20250621074005.0 | ||
| 008 | 091013s1975 dr a 001 0 spa d | ||
| 040 |
_aDO-SdBNP _bspa _cBNPHU |
||
| 049 | _aBNPD | ||
| 082 |
_a320.97293 _bM351o |
||
| 100 | 1 |
_aMármol, Víctor A., _d1943- _987 |
|
| 245 | 1 | 0 |
_aOcho años de progreso / _cVíctor A. Mármol ; prólogo Manuel de Jesús Goico Castro. |
| 246 | 1 | 4 | _a8 años de progreso |
| 260 |
_aSanto Domingo : _bNivar, _c1975. |
||
| 300 |
_a87 p. : _bil. ; _c26 cm. |
||
| 600 | 1 | 0 |
_a Balaguer, Joaquín, _d1906-2002 _976556 |
| 651 | 1 | 0 |
_aRepública Dominicana _xPolítica y gobierno _945 |
| 651 | 1 | 4 |
_aRepública Dominicana _xPolítica Social _92627 |
| 700 | 1 |
_aGoico Castro, Manuel de Jesús, _epról. _923255 |
|
| 942 |
_2ddc _cLBS1 |
||
| 999 |
_c10702 _d10702 |
||